Statistiken für Wiener Katastralgemeinden

Klicken Sie hier um das Quiz zu spielen!

Allgemein

  • Dieses Quiz wurde 474 mal gespielt
  • Das Durchschnittsergebnis liegt bei 47 aus 89

Antworten auf der Karte

Die Antworten werden auf der Karte rot bzw. grün angezeigt, abhängig davon wie oft sie richtig erraten wurden.
 

Antwortstatistiken

BezirkKatastralgemeinde% Korrekt
Innere StadtInnere Stadt
92%
FloridsdorfFloridsdorf
89%
SimmeringSimmering
88%
LandstraßeLandstraße
86%
OttakringOttakring
86%
FavoritenFavoriten
85%
LeopoldstadtLeopoldstadt
85%
WiedenWieden
84%
BrigittenauBrigittenau
83%
JosefstadtJosefstadt
83%
MariahilfMariahilf
83%
MeidlingMeidling
82%
PenzingPenzing
82%
NeubauNeubau
81%
FavoritenOberlaa-Land
81%
FavoritenOberlaa-Stadt
81%
HietzingHietzing
80%
AlsergrundAlsergrund
79%
DonaustadtAspern
79%
LiesingLiesing
79%
HernalsHernals
77%
WähringWähring
77%
PenzingHütteldorf
76%
Rudolfsheim-FünfhausRudolfsheim
76%
MargaretenMargareten
75%
DonaustadtKagran
72%
Rudolfsheim-FünfhausFünfhaus
71%
FloridsdorfLeopoldau
69%
DöblingHeiligenstadt
64%
DöblingGrinzing
61%
HietzingLainz
60%
SimmeringKaiserebersdorf
59%
DonaustadtKaisermühlen
59%
HietzingSchönbrunn
58%
DöblingNußdorf
56%
DonaustadtStadlau
56%
LiesingInzersdorf
55%
FavoritenInzersdorf-Stadt
55%
DonaustadtKaiserebersdorf Herrschaft
55%
LiesingSiebenhirten
55%
FloridsdorfStammersdorf
55%
FloridsdorfStrebersdorf
55%
HietzingOber St. Veit
54%
LiesingErlaa
53%
DöblingOberdöbling
53%
FavoritenUnterlaa
53%
HietzingUnter St. Veit
53%
LiesingAtzgersdorf
51%
Rudolfsheim-FünfhausSechshaus
50%
LiesingRodaun
49%
MeidlingHetzendorf
48%
DöblingUnterdöbling
48%
LiesingMauer
47%
HietzingSpeising
47%
HernalsNeuwaldegg
46%
HernalsDornbach
43%
HietzingAuhof
40%
PenzingBreitensee
40%
PenzingHadersdorf
40%
WähringGersthof
39%
DonaustadtHirschstetten
39%
DonaustadtEßling
38%
DonaustadtSüßenbrunn
38%
DöblingKahlenbergerdorf
37%
DonaustadtBreitenlee
36%
SimmeringAlbern
35%
LiesingKalksburg
34%
WähringPötzleinsdorf
34%
MeidlingAltmannsdorf
33%
PenzingWeidlingau
33%
OttakringNeulerchenfeld
32%
FavoritenRothneusiedl
32%
FloridsdorfDonaufeld
30%
DöblingNeustift am Walde
30%
FloridsdorfJedlesee
28%
FloridsdorfGroßjedlersdorf I
26%
FloridsdorfGroßjedlersdorf II
26%
DöblingObersievering
25%
DöblingUntersievering
25%
WähringWeinhaus
25%
DöblingSalmannsdorf
23%
MeidlingGaudenzdorf
22%
HietzingHacking
21%
PenzingOberbaumgarten
21%
PenzingUnterbaumgarten
21%
DöblingJosefsdorf
18%
FloridsdorfSchwarze Lackenau
18%
HietzingRosenberg
16%
DonaustadtLandjägermeisteramt
14%

Verteilung der Resultate

Perzentil nach korrekt beantworteten Fragen

Anzahl Personen mit jedem Resultat

Ihre Resultats-Entwicklung

Sie haben dieses Quiz noch nicht gespielt